000 00807nam a2200253 4500
001 72881
003 BD-RjUL
005 20211209082323.0
008 170524s1964 en a b 001 0 eng d
020 _a0470038349
035 _a(BD-RjUL)73099
040 _aDLC
_cDLC
_dUKM
_dEQO
_dBD-RjUL
_beng
041 _aeng
082 _a541.382
_223
_bFUN 1964
245 0 0 _aFundamental processes in radiation chemistry /
_bThe Faraday society
260 _aLondon :
_bDistrbution,
_c1964
300 _a325 p. :
_bill. ;
_c24 cm.
490 _aDiscutions of the faraday society 1963
_vNo. 36
504 _aIncludes bibliographical references and Indexes
650 0 _aRadiation chemistry.
_9208580
830 _aDiscutions of the faraday society 1963
_vNo. 36.
_9215577
942 _2ddc
_cBK
999 _c72881
_d72881